[Event "1st Metropolitan International"]
[Site "Los Angeles"]
[Date "2011.08.19"]
[Round "4"]
[White "Hall, Bobby"]
[Black "Melekhina, Alisa"]
[Result "0-1"]
[WhiteElo "2044"]
[BlackElo "2263"]
[PlyCount "130"]
[EventDate "2011.08.17"]
[EventType "swiss"]
[EventRounds "9"]
[EventCountry "USA"]
[SourceDate "2011.08.22"]

1. e4 c5 2. Nf3 Nc6 3. Bb5 Nf6 4. Nc3 g6 5. d3 Bg7 6. Bxc6 dxc6 7. h3 Qc7 8.
Be3 b6 9. Qd2 e5 10. Bh6 Bxh6 11. Qxh6 Qe7 12. O-O Nd7 13. Nd2 Qf8 14. Qe3 Qe7
15. f4 O-O 16. Nf3 f6 17. Rf2 exf4 18. Qxf4 Ne5 19. Nxe5 fxe5 20. Qxf8+ Qxf8
21. Rxf8+ Kxf8 22. Kf2 Be6 23. Ke3 Rd8 24. Ne2 Kg7 25. Ng1 Re8 26. Nf3 Bg8 27.
a3 h6 28. h4 Kf6 29. Rf1 Ke6 30. g4 Kd6 31. g5 h5 32. Nd2 Kd7 33. Rf6 Bh7 34.
Nf3 Re7 35. c3 a5 36. d4 exd4+ 37. cxd4 cxd4+ 38. Nxd4 c5 39. Nc6 Re6 40. e5
Rxc6 41. Rf7+ Ke6 42. Rxh7 Kxe5 43. Re7+ Re6 44. Rf7 Kd5+ 45. Kd3 c4+ 46. Kc3
Re3+ 47. Kc2 Re4 48. Rf6 Re6 49. Rf8 Kc5 50. Rf4 b5 51. Kc3 b4+ 52. axb4+ axb4+
53. Kc2 b3+ 54. Kd2 Rd6+ 55. Kc1 Rd4 56. Rf6 Rxh4 57. Rxg6 Rh1+ 58. Kd2 Rb1 59.
Rh6 Rxb2+ 60. Kc1 Rc2+ 61. Kb1 Rg2 62. Rxh5 c3 63. Rh1 Kb4 64. Rc1 Rb2+ 65. Ka1
Ra2+ 0-1

[Event "1st Metropolitan International"]
[Site "Los Angeles"]
[Date "2011.08.19"]
[Round "4"]
[White "Heiserman, Jimmy"]
[Black "Kiewra, Keaton"]
[Result "0-1"]
[WhiteElo "2111"]
[BlackElo "2351"]
[PlyCount "70"]
[EventDate "2011.08.17"]
[EventType "swiss"]
[EventRounds "9"]
[EventCountry "USA"]
[SourceDate "2011.08.22"]

1. d4 Nf6 2. c4 g6 3. Nc3 Bg7 4. e4 d6 5. Be2 O-O 6. Nf3 Bg4 7. Be3 Nfd7 8. Ng1
Bxe2 9. Ngxe2 c5 10. O-O cxd4 11. Bxd4 Bxd4 12. Nxd4 Nc6 13. Nxc6 bxc6 14. Qd4
Qc7 15. b3 e5 16. Qd2 Nc5 17. Rad1 Rad8 18. f4 exf4 19. Qxf4 Qe7 20. Rf2 Ne6
21. Qg3 Rd7 22. b4 Kg7 23. b5 cxb5 24. Nxb5 Nc5 25. Rxd6 Rfd8 26. Rxd7 Rxd7 27.
Nc3 Nd3 28. Rf1 Qc5+ 29. Kh1 Qxc4 30. Nd5 Qxe4 31. Nf6 Qe2 32. Kg1 Rd4 33. Qg5
Rf4 34. Qxf4 Nxf4 35. Rxf4 Qxa2 0-1

[Event "1st Metropolitan International"]
[Site "Los Angeles"]
[Date "2011.08.19"]
[Round "4"]
[White "Hungaski, Robert"]
[Black "Liou, Yian"]
[Result "1-0"]
[WhiteElo "2495"]
[BlackElo "2299"]
[PlyCount "103"]
[EventDate "2011.08.17"]
[EventType "swiss"]
[EventRounds "9"]
[EventCountry "USA"]
[SourceDate "2011.08.22"]

1. d4 d5 2. c4 c6 3. Nf3 Nf6 4. Qb3 dxc4 5. Qxc4 Bf5 6. g3 e6 7. Bg2 Nbd7 8.
O-O Be7 9. e3 O-O 10. Qe2 Ne4 11. Ne1 c5 12. Nc3 Ndf6 13. f3 Nxc3 14. bxc3 Bg6
15. Qb2 Qb6 16. Rf2 Nd5 17. e4 Qxb2 18. Bxb2 Ne3 19. Bh3 Rfd8 20. Nc2 Nxc2 21.
Rxc2 f5 22. Re2 Bf6 23. Rd1 Bf7 24. Red2 cxd4 25. cxd4 g6 26. Kf2 b6 27. e5 Bg7
28. Bf1 Rac8 29. Ba6 Rc7 30. Ke3 Be8 31. Rc1 Rxc1 32. Bxc1 Ba4 33. Rd3 Bh6+ 34.
f4 g5 35. Rc3 gxf4+ 36. gxf4 Bf8 37. Rc7 Rd7 38. Rc8 Kf7 39. Be2 b5 40. Bh5+
Kg7 41. Be8 Rb7 42. Bb2 Be7 43. Bc6 Rb6 44. Rc7 Kf8 45. d5 exd5 46. e6 Bd8 47.
Rf7+ Kg8 48. Bxd5 Rd6 49. e7 Bb6+ 50. Ke2 Bd1+ 51. Ke1 Ba5+ 52. Kf1 1-0

[Event "1st Metropolitan International"]
[Site "Los Angeles"]
[Date "2011.08.19"]
[Round "4"]
[White "Kelley, Dereque"]
[Black "Duckworth, William"]
[Result "1/2-1/2"]
[WhiteElo "2203"]
[BlackElo "2352"]
[PlyCount "117"]
[EventDate "2011.08.17"]
[EventType "swiss"]
[EventRounds "9"]
[EventCountry "USA"]
[SourceDate "2011.08.22"]

1. d4 Nf6 2. c4 c5 3. d5 e5 4. Nc3 d6 5. e4 Nbd7 6. Be2 Be7 7. Nf3 O-O 8. O-O
Ne8 9. Ne1 Bg5 10. Nd3 Bxc1 11. Qxc1 Qe7 12. Bg4 Nef6 13. Bxd7 Nxd7 14. Qe3 a6
15. a3 Re8 16. Rab1 g6 17. f4 exf4 18. Qxf4 f6 19. b4 b6 20. Rfe1 Ne5 21. Nxe5
fxe5 22. Qe3 Qc7 23. Rf1 Bd7 24. Ne2 Rf8 25. Rfc1 Rad8 26. Rc3 Bg4 27. Nc1 Rf6
28. Nd3 Rdf8 29. a4 a5 30. bxa5 bxa5 31. h3 Bd7 32. Qd2 Bxa4 33. Ra3 Bd7 34.
Rxa5 Bxh3 35. gxh3 Rf3 36. Rab5 Qc8 37. Ne1 Rxh3 38. Ng2 Qg4 39. Rb8 Qxe4 40.
Rxf8+ Kxf8 41. Qf2+ Kg7 42. Rb7+ Kh6 43. Qd2+ g5 44. Re7 Qxc4 45. Re6+ Kh5 46.
Rxd6 Qd4+ 47. Qxd4 exd4 48. Rd7 Kg6 49. Kf2 Kf5 50. Rc7 Ke5 51. Rxc5 Kd6 52.
Ra5 h5 53. Ra6+ Kxd5 54. Ra5+ Ke4 55. Rxg5 Rf3+ 56. Ke1 Rf5 57. Rxf5 Kxf5 58.
Nh4+ Kg4 59. Ng6 1/2-1/2

[Event "1st Metropolitan International"]
[Site "Los Angeles"]
[Date "2011.08.19"]
[Round "4"]
[White "Khachiyan, Melikset"]
[Black "Tayar, Jonathan"]
[Result "1/2-1/2"]
[WhiteElo "2505"]
[BlackElo "2335"]
[PlyCount "70"]
[EventDate "2011.08.17"]
[EventType "swiss"]
[EventRounds "9"]
[EventCountry "USA"]
[SourceDate "2011.08.22"]

1. e4 e5 2. Nf3 Nc6 3. Bb5 a6 4. Bxc6 dxc6 5. Nc3 f6 6. d4 exd4 7. Nxd4 c5 8.
Nde2 Qxd1+ 9. Nxd1 Be6 10. Bf4 O-O-O 11. Ne3 Ne7 12. Bg3 h5 13. h4 g6 14. O-O
Bh6 15. Nf4 Bf7 16. Rad1 Rd4 17. Rxd4 cxd4 18. Ned5 Nxd5 19. Nxd5 f5 20. f3
Bxd5 21. exd5 Be3+ 22. Bf2 Re8 23. Rd1 Re5 24. c3 dxc3 25. bxc3 Kd7 26. Rd3
Bxf2+ 27. Kxf2 Kd6 28. c4 Kc5 29. Rc3 f4 30. g3 fxg3+ 31. Kxg3 Re2 32. a3 Kd4
33. Rb3 Kxc4 34. Rxb7 Kxd5 35. Rxc7 Re6 1/2-1/2

[Event "1st Metropolitan International"]
[Site "Los Angeles"]
[Date "2011.08.19"]
[Round "4"]
[White "Kretchetov, Alexandre"]
[Black "Bodek, Michael"]
[Result "1/2-1/2"]
[WhiteElo "2340"]
[BlackElo "2191"]
[PlyCount "68"]
[EventDate "2011.08.17"]
[EventType "swiss"]
[EventRounds "9"]
[EventCountry "USA"]
[SourceDate "2011.08.22"]

1. Nf3 Nf6 2. c4 e6 3. Nc3 d5 4. d4 dxc4 5. e3 a6 6. a4 c5 7. Bxc4 Nc6 8. O-O
Be7 9. Qe2 cxd4 10. Rd1 O-O 11. exd4 Nb4 12. Bg5 h6 13. Bh4 Bd7 14. Ne5 Be8 15.
Rac1 Nfd5 16. Bg3 Bg5 17. Ra1 Rc8 18. Ne4 Be7 19. h3 b5 20. axb5 Bxb5 21. Bxb5
Rc2 22. Rd2 Rxd2 23. Nxd2 axb5 24. Qxb5 Bh4 25. Ndf3 Bxg3 26. fxg3 Qc7 27. Qc5
Qxc5 28. dxc5 Rc8 29. Nd7 Nf6 30. Nfe5 Nxd7 31. Nxd7 Nd3 32. b3 e5 33. Ra4 f5
34. b4 Rc7 1/2-1/2

[Event "1st Metropolitan International"]
[Site "Los Angeles"]
[Date "2011.08.19"]
[Round "4"]
[White "Manukyan, Garush"]
[Black "Tatum, Kofi"]
[Result "1-0"]
[WhiteElo "2292"]
[BlackElo "1995"]
[PlyCount "168"]
[EventDate "2011.08.17"]
[EventType "swiss"]
[EventRounds "9"]
[EventCountry "USA"]
[SourceDate "2011.08.22"]

1. Nf3 d5 2. d4 Nf6 3. c4 c6 4. Nc3 a6 5. e3 b5 6. cxd5 cxd5 7. Bd3 Bb7 8. Ne5
e6 9. O-O Be7 10. f4 g6 11. Bd2 Ne4 12. Nxe4 dxe4 13. Be2 O-O 14. a4 f6 15. Ng4
Qd5 16. Rc1 Nd7 17. Qe1 Rfc8 18. Rxc8+ Rxc8 19. Bb4 Bd8 20. axb5 axb5 21. Qd2
h5 22. Nf2 Nb6 23. Nd1 Qb3 24. Bc5 Nc4 25. Qc3 Qxc3 26. bxc3 Ra8 27. Bxc4 bxc4
28. Nb2 Bd5 29. Rb1 Rb8 30. Bb4 Ra8 31. Bc5 Kf7 32. Kf1 h4 33. Nd1 Ra2 34. Bb4
h3 35. gxh3 Bc7 36. Nf2 f5 37. Re1 Kf6 38. h4 Bd8 39. Re2 Ra1+ 40. Re1 Ra7 41.
Nh3 Rh7 42. Ra1 Rxh4 43. Ng5 Kg7 44. Ra7+ Kg8 45. Nxe6 Bxe6 46. Ra8 Rxh2 47.
Rxd8+ Kg7 48. d5 Rd2 49. d6 Kf7 50. Ke1 Rd3 51. Bc5 Rd5 52. Bd4 g5 53. fxg5 Kg6
54. Kf2 Kxg5 55. Kg3 f4+ 56. exf4+ Kg6 57. Kf2 Kf7 58. Ke3 Bf5 59. Ra8 Rxd6 60.
Ra5 Bd7 61. f5 Bc6 62. Ra6 Ke8 63. Kf4 Kd7 64. Ra7+ Ke8 65. f6 Rd7 66. Ra5 Kf7
67. Ke5 Rb7 68. Kd6 Bb5 69. Ra2 Be8 70. Rg2 Kf8 71. Rg4 Rd7+ 72. Ke6 Rc7 73.
Rh4 Rc6+ 74. Kd5 Rc8 75. Rh8+ Kf7 76. Rh7+ Kg6 77. Re7 Bf7+ 78. Kd6 Rd8+ 79.
Kc5 Rc8+ 80. Kb6 Rd8 81. Rxe4 Rd7 82. Re3 Kf5 83. Kc6 Rd8 84. Re5+ Kg6 1-0

[Event "1st Metropolitan International"]
[Site "Los Angeles"]
[Date "2011.08.19"]
[Round "4"]
[White "Mateer, Amanda"]
[Black "Haessel, Dale"]
[Result "1-0"]
[WhiteElo "2096"]
[BlackElo "2211"]
[PlyCount "111"]
[EventDate "2011.08.17"]
[EventType "swiss"]
[EventRounds "9"]
[EventCountry "USA"]
[SourceDate "2011.08.22"]

1. d4 Nf6 2. c4 g6 3. Nc3 d5 4. cxd5 Nxd5 5. e4 Nxc3 6. bxc3 Bg7 7. Be3 c5 8.
Qd2 Qa5 9. Rc1 cxd4 10. cxd4 Qxd2+ 11. Kxd2 O-O 12. Bd3 Rd8 13. Ne2 Nc6 14. Rc4
f5 15. e5 Be6 16. Ra4 Bd7 17. Rc4 e6 18. Rb1 Bf8 19. Nc3 b6 20. h3 Rab8 21. f4
b5 22. Nxb5 Nxe5 23. fxe5 Rxb5 24. Rc7 Rxb1 25. Bxb1 Bb4+ 26. Ke2 a5 27. Bd3
Be8 28. Bc4 Bf7 29. Kd3 a4 30. Bg5 Rb8 31. Ra7 a3 32. Bc1 Kf8 33. Ra4 Be7 34.
Bb3 Be8 35. Ra7 Bb5+ 36. Kc2 Rc8+ 37. Kd1 Rd8 38. Bh6+ Ke8 39. Rxe7+ Kxe7 40.
Bg5+ Ke8 41. Bxd8 Kxd8 42. Bxe6 Ke7 43. Bd5 f4 44. Kc2 g5 45. Kb3 h5 46. Kxa3
g4 47. hxg4 hxg4 48. Kb4 Be2 49. Kc3 f3 50. gxf3 g3 51. f4 Bf1 52. f5 g2 53.
Bxg2 Bxg2 54. Kc4 Be4 55. f6+ Ke6 56. Kc5 1-0

[Event "1st Metropolitan International"]
[Site "Los Angeles"]
[Date "2011.08.19"]
[Round "4"]
[White "Molner, Mackenzie"]
[Black "Amanov, Mesgen"]
[Result "0-1"]
[WhiteElo "2447"]
[BlackElo "2544"]
[PlyCount "120"]
[EventDate "2011.08.17"]
[EventType "swiss"]
[EventRounds "9"]
[EventCountry "USA"]
[SourceDate "2011.08.22"]

1. e4 c5 2. Nf3 d6 3. d4 cxd4 4. Nxd4 Nf6 5. Nc3 a6 6. Be3 e6 7. Be2 Qc7 8. Qd2
b5 9. a3 Bb7 10. f3 Nbd7 11. g4 Nb6 12. O-O-O Nc4 13. Bxc4 Qxc4 14. g5 Nd7 15.
f4 b4 16. axb4 Qxb4 17. f5 e5 18. Nde2 Rb8 19. Qd3 Be7 20. Rhg1 a5 21. b3 Rc8
22. Rg4 h5 23. gxh6 gxh6 24. Na2 Qa3+ 25. Kb1 Nf6 26. Rh4 Nd7 27. Rh3 a4 28.
Bc1 Qc5 29. Nec3 axb3 30. cxb3 Qb6 31. Na4 Qc6 32. N2c3 Nf6 33. Nd5 Nxd5 34.
exd5 Qa6 35. Qxa6 Bxa6 36. Rg3 Bh4 37. Rc3 Ke7 38. Ba3 Be2 39. Rdc1 Rxc3 40.
Rxc3 Rd8 41. Nb6 Bg4 42. Rc7+ Kf6 43. Nc4 Bxf5+ 44. Kb2 Bf2 45. Nxd6 Bd4+ 46.
Kc1 Bg6 47. Rc6 Kg7 48. Bb2 Bxb2+ 49. Kxb2 f5 50. h4 f4 51. h5 Bd3 52. Kc3 Bb1
53. b4 f3 54. Kd2 f2 55. Ke2 Rf8 56. Rc7+ Kg8 57. Rc1 Ba2 58. Kf1 Bxd5 59. b5
e4 60. Rc3 e3 0-1

[Event "1st Metropolitan International"]
[Site "Los Angeles"]
[Date "2011.08.19"]
[Round "4"]
[White "Panjwani, Raja"]
[Black "Brown, Michael William"]
[Result "1/2-1/2"]
[WhiteElo "2420"]
[BlackElo "2121"]
[PlyCount "85"]
[EventDate "2011.08.17"]
[EventType "swiss"]
[EventRounds "9"]
[EventCountry "USA"]
[SourceDate "2011.08.22"]

1. d4 d5 2. c4 dxc4 3. Nf3 Nf6 4. e3 e6 5. Bxc4 a6 6. O-O c5 7. dxc5 Bxc5 8.
Qxd8+ Kxd8 9. Be2 b5 10. a4 b4 11. Ne5 Ke7 12. Bf3 Ra7 13. a5 Bb7 14. Nd2 Nbd7
15. Nd3 e5 16. Bxb7 Rxb7 17. b3 Bd6 18. Bb2 e4 19. Nf4 Be5 20. Bd4 Rc8 21. Nc4
Rb5 22. Ne2 g6 23. Rfd1 Bxd4 24. Rxd4 Rc6 25. h3 Nc5 26. Nd2 Rd6 27. Rc1 Rd7
28. Ra1 Ne6 29. Rxd7+ Kxd7 30. Nc4 Ke7 31. Nd4 Nxd4 32. exd4 Ke6 33. Nb6 Nd5
34. Na4 Nc7 35. Nb6 Nd5 36. Na4 Nc7 37. Rc1 Kd6 38. Nc5 Kd5 39. Nd7 Ne6 40. Rc4
Nxd4 41. Nb6+ Ke5 42. Nd7+ Kd5 43. Nb6+ 1/2-1/2

[Event "1st Metropolitan International"]
[Site "Los Angeles"]
[Date "2011.08.19"]
[Round "4"]
[White "Peters, Jack"]
[Black "Akopyan, Harutyun"]
[Result "1/2-1/2"]
[WhiteElo "2377"]
[BlackElo "2213"]
[PlyCount "76"]
[EventDate "2011.08.17"]
[EventType "swiss"]
[EventRounds "9"]
[EventCountry "USA"]
[SourceDate "2011.08.22"]

1. e4 e5 2. Nf3 Nc6 3. Bb5 a6 4. Ba4 Nf6 5. O-O Be7 6. Re1 b5 7. Bb3 d6 8. c3
O-O 9. h3 Nd7 10. d4 Bf6 11. Qd3 Re8 12. Nbd2 Bb7 13. a3 Ne7 14. Nf1 d5 15. Ng3
c5 16. Bc2 Ng6 17. exd5 exd4 18. Rxe8+ Qxe8 19. cxd4 cxd4 20. Qf5 Nb6 21. Bg5
Nxd5 22. Bxf6 Nxf6 23. Rd1 Rd8 24. Nh5 Nxh5 25. Qxh5 Qe2 26. Bb3 Bxf3 27. Qxf3
Qxf3 28. gxf3 Nf4 29. h4 h6 30. Kh2 g5 31. hxg5 hxg5 32. Rg1 Kg7 33. Rxg5+ Kf6
34. Rc5 Rd6 35. Kg3 Ne2+ 36. Kg4 d3 37. f4 Nd4 38. Bd1 Rc6 1/2-1/2

[Event "1st Metropolitan International"]
[Site "Los Angeles"]
[Date "2011.08.19"]
[Round "4"]
[White "Phillips, Jeff"]
[Black "Abrahamyan, Tatev"]
[Result "1-0"]
[WhiteElo "2071"]
[BlackElo "2343"]
[PlyCount "75"]
[EventDate "2011.08.17"]
[EventType "swiss"]
[EventRounds "9"]
[EventCountry "USA"]
[SourceDate "2011.08.22"]

1. b3 e5 2. Bb2 Nc6 3. e3 d5 4. g3 Nf6 5. Bg2 Be6 6. Ne2 Qd7 7. h3 O-O-O 8. d3
Bd6 9. Nd2 h5 10. a3 Kb8 11. b4 Ne7 12. c4 c6 13. Qc2 Ng6 14. O-O-O Nh7 15. f4
exf4 16. gxf4 Nh4 17. Rhg1 f6 18. Bh1 Bxh3 19. Nd4 Bg4 20. Rde1 Rhe8 21. c5 Bc7
22. b5 Ba5 23. bxc6 bxc6 24. Qa4 Bxd2+ 25. Kxd2 Rc8 26. Bc3 Nf5 27. Rb1+ Ka8
28. e4 Nxd4 29. Qxd4 Rcd8 30. Rge1 Be6 31. Ba5 Rb8 32. Qa4 Nf8 33. f5 dxe4 34.
Bxe4 Bd5 35. Bxd5 Qxd5 36. Bb6 Qd7 37. Rxe8 Rxe8 38. Bxa7 1-0

[Event "1st Metropolitan International"]
[Site "Los Angeles"]
[Date "2011.08.19"]
[Round "4"]
[White "Piasetski, Leon"]
[Black "Wang, Philip Xiao"]
[Result "0-1"]
[WhiteElo "2289"]
[BlackElo "2371"]
[PlyCount "136"]
[EventDate "2011.08.17"]
[EventType "swiss"]
[EventRounds "9"]
[EventCountry "USA"]
[SourceDate "2011.08.22"]

1. Nf3 d5 2. d4 Nf6 3. c4 e6 4. Nbd2 c5 5. cxd5 exd5 6. dxc5 Bxc5 7. Nb3 Bb6 8.
Bf4 Nc6 9. e3 O-O 10. h3 Bf5 11. Bd3 Ba5+ 12. Ke2 Ne4 13. Nfd4 Nxd4+ 14. Nxd4
Bg6 15. f3 Nf6 16. Bxg6 hxg6 17. g4 Re8 18. Kf2 Nd7 19. Rc1 Qe7 20. h4 Bb6 21.
g5 Nc5 22. Kg2 Ne6 23. Nxe6 Qxe6 24. Qb3 Bxe3 25. Rce1 d4 26. Qxe6 Rxe6 27.
Bxe3 dxe3 28. Re2 Rd8 29. Rhe1 Rd3 30. f4 Re4 31. Kf3 Rdd4 32. Rxe3 Rxf4+ 33.
Kg3 Rg4+ 34. Kf3 Rdf4+ 35. Ke2 Rxh4 36. Re8+ Kh7 37. Rb8 Re4+ 38. Kd1 Rxe1+ 39.
Kxe1 Rb4 40. b3 f6 41. Kf2 fxg5 42. Kg3 g4 43. Rd8 Kh6 44. Rd5 a6 45. Re5 g5
46. Re6+ Kh7 47. Rd6 Kg8 48. Rd5 Kf7 49. Rxg5 Kf6 50. Rd5 g6 51. Rc5 Re4 52.
Rc7 Re7 53. Rc4 Re2 54. Rc7 Re7 55. Rc4 Ke5 56. Rxg4 Re6 57. Rc4 Rf6 58. Rc7 b6
59. Ra7 a5 60. Rd7 Rd6 61. Rc7 Kd5 62. Kf4 Rc6 63. Rd7+ Kc5 64. Kg5 Kb4 65.
Rd4+ Kc3 66. Ra4 Rd6 67. Rc4+ Kb2 68. Ra4 Kb1 0-1

[Event "1st Metropolitan International"]
[Site "Los Angeles"]
[Date "2011.08.19"]
[Round "4"]
[White "Ramirez, Alejandro"]
[Black "Gurevich, Dmitry"]
[Result "1-0"]
[WhiteElo "2592"]
[BlackElo "2479"]
[PlyCount "71"]
[EventDate "2011.08.17"]
[EventType "swiss"]
[EventRounds "9"]
[EventCountry "USA"]
[SourceDate "2011.08.22"]

1. Nf3 Nf6 2. g3 d5 3. c4 e6 4. b3 d4 5. e3 c5 6. exd4 cxd4 7. Bg2 Nc6 8. O-O
Bd6 9. d3 h6 10. a3 a5 11. Bb2 O-O 12. Re1 Re8 13. Nbd2 e5 14. Rc1 Bf5 15. c5
Bf8 16. Nc4 Nd7 17. b4 axb4 18. axb4 Nxb4 19. Ncxe5 Nxc5 20. Nxd4 Nbxd3 21.
Nxd3 Nxd3 22. Rxe8 Qxe8 23. Nxf5 Nxb2 24. Qd4 Qb5 25. Bd5 Nd3 26. Rd1 Nc5 27.
Qg4 Qb6 28. Qf3 Qc7 29. Re1 Kh8 30. Nh4 Ra6 31. Bxf7 g5 32. Bc4 Ra8 33. Ng6+
Kg7 34. Ne7 Bxe7 35. Qf7+ Kh8 36. Rxe7 1-0

[Event "1st Metropolitan International"]
[Site "Los Angeles"]
[Date "2011.08.19"]
[Round "4"]
[White "Rensch, Daniel"]
[Black "Langer, Michael"]
[Result "1/2-1/2"]
[WhiteElo "2410"]
[BlackElo "2180"]
[PlyCount "83"]
[EventDate "2011.08.17"]
[EventType "swiss"]
[EventRounds "9"]
[EventCountry "USA"]
[SourceDate "2011.08.22"]

1. e4 c5 2. Nf3 d6 3. d4 cxd4 4. Nxd4 Nf6 5. Nc3 a6 6. Be3 e5 7. Nb3 Be6 8. f3
Be7 9. Qd2 O-O 10. O-O-O b5 11. Nd5 Bxd5 12. exd5 Qc7 13. Na5 Bd8 14. b4 Qc8
15. Kb2 Bxa5 16. bxa5 Nbd7 17. Ka1 Nxd5 18. Qxd5 Qc3+ 19. Kb1 Qxe3 20. Qd2 Qa3
21. Qxd6 Qxa5 22. Qd2 Qxd2 23. Rxd2 Nb6 24. Rd6 Na4 25. Bd3 Rfd8 26. Rc6 Rdc8
27. Rd6 Kf8 28. Re1 Ke7 29. Rd4 Rc5 30. f4 f6 31. Bxh7 Rh8 32. Bf5 Rxh2 33.
Rd7+ Kf8 34. Be6 Rc6 35. Bb3 Nc5 36. Rf7+ Ke8 37. Rxg7 Nxb3 38. axb3 Kf8 39.
Rg4 exf4 40. Rf1 Kf7 41. Kb2 Re6 42. Rf2 1/2-1/2

[Event "1st Metropolitan International"]
[Site "Los Angeles"]
[Date "2011.08.19"]
[Round "4"]
[White "Rosen, Eric"]
[Black "Hafizulhilmi, Mas"]
[Result "1/2-1/2"]
[WhiteElo "2216"]
[BlackElo "2416"]
[PlyCount "93"]
[EventDate "2011.08.17"]
[EventType "swiss"]
[EventRounds "9"]
[EventCountry "USA"]
[SourceDate "2011.08.22"]

1. c4 e5 2. Nc3 d6 3. g3 Be6 4. Bg2 Nc6 5. d3 Qd7 6. Rb1 h5 7. h4 Nge7 8. Nd5
Nd8 9. b3 c6 10. Nxe7 Bxe7 11. Bb2 c5 12. e3 Nc6 13. Ne2 O-O-O 14. Nc3 Rde8 15.
Nd5 Bd8 16. Bc3 Bg4 17. Qc2 Nd4 18. Bxd4 exd4 19. b4 dxe3 20. fxe3 g5 21. bxc5
dxc5 22. Rb5 gxh4 23. Qa4 Kb8 24. O-O Bb6 25. Qb3 Rh6 26. Nxb6 axb6 27. Rxb6
Rxb6 28. Qxb6 Rxe3 29. gxh4 Rxd3 30. Qxc5 Be6 31. Rb1 Qd4+ 32. Qxd4 Rxd4 33.
Rxb7+ Kc8 34. Rb5 Rxh4 35. Bd5 Kc7 36. Bxe6 fxe6 37. Kf2 Rxc4 38. Rxh5 Rc2+ 39.
Ke3 Rxa2 40. Rh4 Kd6 41. Rg4 e5 42. Rh4 Ra3+ 43. Ke2 Kd5 44. Rg4 e4 45. Rg8
Ra2+ 46. Ke3 Ra3+ 47. Ke2 1/2-1/2

[Event "1st Metropolitan International"]
[Site "Los Angeles"]
[Date "2011.08.19"]
[Round "4"]
[White "Sevillano, Enrico"]
[Black "Chua, Alexander"]
[Result "1-0"]
[WhiteElo "2492"]
[BlackElo "2278"]
[PlyCount "155"]
[EventDate "2011.08.17"]
[EventType "swiss"]
[EventRounds "9"]
[EventCountry "USA"]
[SourceDate "2011.08.22"]

1. e4 c6 2. c4 d5 3. exd5 Nf6 4. Nc3 cxd5 5. cxd5 Nxd5 6. Nf3 e6 7. d4 Bb4 8.
Bd2 O-O 9. Bd3 Nc6 10. O-O Nf6 11. Bg5 h6 12. Bh4 Be7 13. Rc1 Nh5 14. Bxe7 Nxe7
15. Ne5 Nf6 16. Ne4 Nfd5 17. Bb1 b6 18. Qd3 f5 19. Nc3 Bb7 20. Qd2 Rc8 21. Rfe1
Nxc3 22. bxc3 b5 23. a4 a6 24. axb5 axb5 25. Qb2 Rb8 26. Ba2 Bd5 27. Nd3 Qd6
28. Nb4 Bxa2 29. Qxa2 Nd5 30. Nd3 Rfe8 31. h3 Re7 32. Qb3 b4 33. c4 Nc7 34. Ne5
Ree8 35. Rcd1 Red8 36. Qf3 Ra8 37. Nc6 Ra3 38. Re3 Rd7 39. c5 Qd5 40. Nxb4 Qxf3
41. gxf3 Ra4 42. Nc6 Ra2 43. Rb1 g5 44. Rb7 Rg7 45. Nd8 Ra1+ 46. Kg2 Rd1 47.
Rb8 Kh7 48. Nxe6 Nxe6 49. Rxe6 Rxd4 50. Rbb6 Rc7 51. Rxh6+ Kg7 52. Rhg6+ Kh7
53. Rh6+ Kg7 54. Rbg6+ Kf7 55. c6 Rc4 56. Rd6 Ke7 57. Rhe6+ Kf7 58. Rf6+ Kg7
59. Kg3 Rc8 60. Rg6+ Kf7 61. Rdf6+ Ke7 62. Rxf5 R8xc6 63. Rxc6 Rxc6 64. Kg4 Rh6
65. f4 gxf4 66. Rxf4 Rg6+ 67. Kh5 Rg2 68. h4 Ke6 69. Kh6 Ke7 70. h5 Rh2 71. Kg6
Rg2+ 72. Kh7 Rh2 73. h6 Rg2 74. Rf3 Rh2 75. Kg7 Rg2+ 76. Rg3 Rxf2 77. h7 Rf7+
78. Kh6 1-0

[Event "1st Metropolitan International"]
[Site "Los Angeles"]
[Date "2011.08.19"]
[Round "4"]
[White "Sinanan, Joshua"]
[Black "Sevian, Samuel"]
[Result "0-1"]
[WhiteElo "2273"]
[BlackElo "2172"]
[PlyCount "136"]
[EventDate "2011.08.17"]
[EventType "swiss"]
[EventRounds "9"]
[EventCountry "USA"]
[SourceDate "2011.08.22"]

1. e4 c5 2. Nf3 d6 3. d4 cxd4 4. Nxd4 Nf6 5. Nc3 a6 6. Be3 e5 7. Nb3 Be7 8. Qd2
O-O 9. O-O-O Be6 10. Kb1 a5 11. a4 Na6 12. Bg5 Qb6 13. Bxa6 Rxa6 14. Bxf6 Bxf6
15. Nc1 Rc8 16. f3 Qb4 17. Nd5 Qxa4 18. c3 Qc4 19. Qd3 b5 20. Qxc4 bxc4 21. Kc2
Bd7 22. Nxf6+ gxf6 23. Rd2 f5 24. Rf1 Kf8 25. Rdf2 Be6 26. Rd2 Ke7 27. Kb1 Rg8
28. g3 fxe4 29. fxe4 Rg4 30. Re2 Ra8 31. Re3 Rag8 32. Ne2 h5 33. Kc2 Bd7 34. h3
R4g7 35. Rh1 Rb8 36. Rh2 Rgg8 37. Nc1 Rb6 38. Na2 Rgb8 39. Kb1 Bxh3 40. Ree2
Bg4 41. Re1 Rg8 42. Re3 Rg5 43. Nc1 Rb8 44. Kc2 Bd7 45. Ne2 Rbg8 46. Rh4 f6 47.
Kd2 Be8 48. Kc1 Rg4 49. Rh2 Bg6 50. Rh4 Ke6 51. Kd2 Rb8 52. Kc1 Rb7 53. Ng1
Rxh4 54. gxh4 Bh7 55. Ne2 Rg7 56. Rg3 Rxg3 57. Nxg3 Bg6 58. Kd2 d5 59. exd5+
Kxd5 60. Nf1 Ke4 61. Ne3 Bf7 62. Ke2 f5 63. Nf1 f4 64. Nh2 Be6 65. Nf1 Bg4+ 66.
Kf2 Kd3 67. Ke1 e4 68. Nh2 Be2 0-1

[Event "1st Metropolitan International"]
[Site "Los Angeles"]
[Date "2011.08.19"]
[Round "4"]
[White "Szabo, Bence"]
[Black "Holt, Conrad"]
[Result "0-1"]
[WhiteElo "2362"]
[BlackElo "2438"]
[PlyCount "82"]
[EventDate "2011.08.17"]
[EventType "swiss"]
[EventRounds "9"]
[EventCountry "USA"]
[SourceDate "2011.08.22"]

1. d4 d5 2. c4 c6 3. Nf3 Nf6 4. Nc3 dxc4 5. a4 Bf5 6. Ne5 Nbd7 7. Nxc4 Nb6 8.
Ne5 a5 9. Bg5 g6 10. e3 Bg7 11. Bd3 Be6 12. Be2 Nbd5 13. Bh4 O-O 14. Nd3 Qb6
15. O-O Rfe8 16. Rb1 Bf5 17. Bg3 Bh6 18. Qc1 Nb4 19. Rd1 Rad8 20. Rd2 Rxd4 21.
exd4 Nxd3 22. Bxd3 Bxd3 23. Ra1 Bxd2 24. Qxd2 Qxd4 25. Bc7 Ra8 26. Rd1 Qd7 27.
Be5 Bf5 28. Qf4 Qe6 29. h3 Bc2 30. Rd2 Bb3 31. Re2 Nd7 32. Bc7 Qf6 33. Qg3 Bd5
34. Bf4 e6 35. Bg5 Qf5 36. h4 e5 37. Nd1 f6 38. Bd2 Qb1 39. Re1 Qc2 40. Bc3
Qxa4 41. Ne3 Be6 0-1

[Event "1st Metropolitan International"]
[Site "Los Angeles"]
[Date "2011.08.19"]
[Round "4"]
[White "Taylor, Timothy"]
[Black "Steinfl, Alessandro"]
[Result "1-0"]
[WhiteElo "2279"]
[BlackElo "2164"]
[PlyCount "95"]
[EventDate "2011.08.17"]
[EventType "swiss"]
[EventRounds "9"]
[EventCountry "USA"]
[SourceDate "2011.08.22"]

1. e4 d5 2. exd5 Qxd5 3. Nf3 Bg4 4. Be2 Nc6 5. h3 Bh5 6. O-O O-O-O 7. Nc3 Qd7
8. d3 Nf6 9. Be3 e5 10. a3 Bd6 11. b4 Rhe8 12. Ne4 Nxe4 13. dxe4 Bg6 14. Qd5
Bf8 15. Qc4 Nd4 16. Nxd4 exd4 17. Bg4 f5 18. exf5 Bxf5 19. Qxd4 Qxd4 20. Bxf5+
Qd7 21. Bxd7+ Rxd7 22. Rfd1 Rf7 23. Rd3 Bd6 24. Re1 h5 25. Bd2 Ref8 26. f3 b5
27. Re4 Kd7 28. Re5 Rf5 29. Rxf5 Rxf5 30. g4 hxg4 31. hxg4 Re5 32. Kf2 Kc6 33.
Bf4 Re6 34. Bxd6 cxd6 35. Re3 Rh6 36. Kg3 g5 37. Re7 Rh1 38. Rxa7 Rg1+ 39. Kf2
Rc1 40. Rg7 Rxc2+ 41. Kg3 d5 42. Rg6+ Kd7 43. Rxg5 Ke6 44. Rg6+ Ke5 45. Rb6 Rc3
46. Rxb5 Rxa3 47. Rb8 d4 48. b5 1-0